| 000 | 00421nam a2200097Ia 4500 | ||
|---|---|---|---|
| 008 | 180130s9999 xx 000 0 und d | ||
| 245 |
_cEssaouini, Nada; Cuppens, Frederic; Cuppens-Boulahia, Nora; El Kalam, Anas Abou _aConflict detection in obligation with deadline policies |
||
| 260 | _c2016 | ||
| 300 | _aBook title: Handbook of information security--Acession number C20533; pages 237-252 | ||
| 650 | _aINFORMATION SECURITY | ||
| 999 |
_c354104 _d354104 |
||